Víťazi XX. letných olympijských hier

Bibliographic Details
Format: Article
Language:Slovak
Subjects:

MARC

LEADER 00000nab a2200000 a 4500
001 vtls009956192
003 SK-MaSNL
005 20260303050227.0
008 091002 19720919xo d n 000 0 slo
015 |a SNBRB1972  |2 snkbucl 
040 |a SNKBUCL  |b slo  |c SNKBUCL  |e AACR2 
041 0 |a slo 
044 |a xo  |c SK 
080 |a 796.032.2  |x (100)  |2 2001 
245 0 0 |a Víťazi XX. letných olympijských hier 
611 2 7 |a Letné olympijské hry  |n (20. :  |d 1972 :  |c Mníchov, Nemecko)  |2 snkbucl  |9 195206 
773 0 |t Šport  |g (19.9.1972), s. 4 
999 |c 1706690  |d 1708620